000 01863nam a22003497a 4500
003 OSt
005 20230420123505.0
008 221006b |||||||| |||| 00| 0 eng d
040 _cBiblioteca Lado V
082 _a700
_bZ39a
100 _9802
_aZaya, Antonio
_eeditor
_edirector
245 _aAtalantica/
_bRevista de Arte y Pensamiento/
260 _bCentro Atlantico de Arte Moderno
_c1997
_aEspaña
300 _c24x30cm
_a224p.
366 _efre
366 _eeng
490 _v1998
_x1132-8428
_a18
505 _tTransformaciones
_aTecnologías blandas La situación de los artistas Actuar sobre otras cosas Proyecto de Candice Breitz Un sueno o pesadilla del que nadie puede despertarnos Proyecto de Bili Bidjocka Titulo Virtual David and Goliath Azar, tiempo y Espacio en la Musica El Cascabel y El gato Algunas Lagrimas de Esperma La Obra: Objetos, Acciones Todo lo que quiso saber sobre juan Hidalgo El Arte sin Asideros
505 _tDossier Islas
_aUtopia del Espejo Roto Trabajo en Proceso Nueva Atlantida Entrevista con Jacqueline Fraser del cuaderno de la inmovil navegaion de un insulario
505 _tRevista
_aDennis Callwood Encuentro en la Habana Duval Carrie Fernando Alamo Proyecto de Pedro Gonzalez
505 _tEnglish Edition
650 _2Tesauro de Arte & Arquitectura
_aARTE
_9703
650 _2Tesauro de Arte & Arquitectura
_aEXPOSICIONES
650 _2Tesauro de Arte & Arquitectura
_aCULTURA
650 _2Tesauro de Arte & Arquitectura
_aAPRECIACION
650 _2Tesauro de Arte & Arquitectura
_aTEORIA
650 _2Tesauro de Arte & Arquitectura
_aCRITICA
650 _2Tesauro de Arte & Arquitectura
_aFOTOGRAFIA
_9702
650 _2Tesauro de Arte & Arquitectura
_aLITERATURA
650 _2Tesauro de Arte & Arquitectura
_aESPAÑA
942 _2ddc
_c1
_h700
_iZ39a
_n0
999 _c3406
_d3406